00734nam a2200217 a 450000100100000000500170001000800410002702000150006804000250008308200180010810000330012624500380015926000370019730000260023449000210026050000860028150000700036765000220043765000360045983000210049500001166320200929162523.0091022s1993 sp 000 f spa d a844063997X aDO-SdBNPbspacBNPHU a863.64bC336q1 aCasavella, Francisco,c1963-10aQuédate /cFrancisco Casavella. aBarcelona :bEdiciones B,c1993. a247, [8] p. ;c22 cm.1 aTiempos Modernos aIncluye los demás títulos de la colección en la solapa de la contracubierta aIncluye datos biográficos del autor en la solapa de la cubierta 4aNovela española 4aLiteratura españolaySIGLO XX 0aTiempos Modernos